| Tag |
First Indicator |
Second Indicator |
Subfields |
| LEADER |
00000cgm a2200000Ka 4500 |
| 001 |
in00002336734 |
| 005 |
20151108044140.0 |
| 007 |
vd cvaizu |
| 008 |
061115s2006 wau081 g vleng d |
| 024 |
1 |
|
|a 858964001188
|
| 028 |
4 |
2 |
|a SC15
|b Subversive CInema
|
| 035 |
|
|
|a (OCoLC)ocm76065715
|
| 037 |
|
|
|b Midwest Tape
|n http://www.midwesttapes.com
|
| 040 |
|
|
|a TEFMT
|c TEFMT
|d TMI
|d RCS
|d UtOrBLW
|
| 049 |
|
|
|a TXAM
|
| 050 |
1 |
4 |
|a PN1995.9.S26
|b W47647 2006
|
| 090 |
|
|
|a PN1995.9.S26
|b W476 2006
|
| 245 |
0 |
0 |
|a Werner Herzog's The wild blue yonder /
|c Norm Hill, Peter Langs and Carl Tostevin in conjunction with 518 Media present ; Werner Herzog Filmproduktion [and others] ; produced by Christine Le Goff [and others] ; written and directed by Werner Herzog.
|
| 246 |
3 |
0 |
|a Wild blue yonder
|
| 264 |
|
1 |
|a [Seattle, Wash.] :
|b Subversive Cinema,
|c 2006.
|
| 300 |
|
|
|a 1 videodisc (81 min.) :
|b sound, color ;
|c 4 3/4 in.
|
| 336 |
|
|
|a two-dimensional moving image
|b tdi
|2 rdacontent
|
| 337 |
|
|
|a video
|b v
|2 rdamedia
|
| 338 |
|
|
|a videodisc
|b vd
|2 rdacarrier
|
| 538 |
|
|
|a DVD.
|
| 511 |
1 |
|
|a Brad Dourif, Martin Lo, Roger Diehl, Ted Sweetser, Capt. Donald Williams, Dr. Ellen Baker, Franklin Chang-Diaz, Shannon Lucid, Michael McCulley.
|
| 508 |
|
|
|a Cinematography, Henry Kaiser, Tanja Koop, Klaus Scheurich ; editor, Joe Bini ; music, Ernst Reijsiger.
|
| 500 |
|
|
|a Originally released as a motion picture in 2005.
|
| 500 |
|
|
|a Widescreen presesentation.
|
| 500 |
|
|
|a Aspect ration 16:9
|
| 500 |
|
|
|a Dual-layer format.
|
| 500 |
|
|
|a Not rated.
|
| 520 |
|
|
|a From legendary filmmaker Werner Herzog comes an inspired vision: As humans search for a new planet to colonize, aliens attempt to settle on the nearly uninhabitable earth. Brad Dourif's performance as an alien interviewing real-life respected scientists, is followed by a personal plea to save our planet.
|
| 500 |
|
|
|a Special features include: Full-length commentary with director Werner Herzog and actor Brad Dourif; Exploring with Werner featurette; Haircuts to Herzog featurette; Werner & Ernst music video; bios; trailer.
|
| 500 |
|
|
|a Videorecording.
|
| 650 |
|
0 |
|a Life on other planets
|v Drama.
|
| 650 |
|
0 |
|a Human-alien encounters
|v Drama.
|
| 650 |
|
0 |
|a Colonization
|v Drama.
|
| 650 |
|
0 |
|a Aliens in motion pictures.
|
| 655 |
|
7 |
|a Science fiction films.
|2 lcgft
|
| 655 |
|
7 |
|a Action and adventure films.
|2 lcgft
|
| 655 |
|
7 |
|a Feature films.
|2 lcgft
|
| 700 |
1 |
|
|a Hill, Norm.
|
| 700 |
1 |
|
|a Langs, Peter.
|
| 700 |
1 |
|
|a Tostevin, Carl.
|
| 700 |
1 |
|
|a Le Goff, Christine.
|
| 700 |
1 |
|
|a Herzog, Werner,
|d 1942-
|
| 700 |
1 |
|
|a Dourif, Brad,
|d 1950-
|
| 700 |
1 |
|
|a Lo, Martin.
|
| 700 |
1 |
|
|a Diehl, Roger E.
|
| 700 |
1 |
|
|a Sweetser, Ted.
|
| 700 |
1 |
|
|a Williams, Donald.
|
| 700 |
1 |
|
|a Baker, Ellen,
|c Dr.
|
| 700 |
1 |
|
|a Chang-Díaz, Franklin R.,
|d 1950-
|
| 700 |
1 |
|
|a Lucid, Shannon,
|d 1943-
|
| 700 |
1 |
|
|a McCulley, Michael.
|
| 710 |
2 |
|
|a Werner Herzog Filmproduktion.
|
| 710 |
2 |
|
|a 518 Media (Firm)
|
| 710 |
2 |
|
|a Subversive Cinema (Firm)
|
| 994 |
|
|
|a C0
|b TXA
|
| 948 |
|
|
|a cataloged
|b h
|c 2007/11/13
|d c
|e aklinger
|f 12:10:52 pm
|
| 999 |
|
|
|a MARS
|
| 999 |
f |
f |
|s d4a5a333-1c4e-3ffb-bd74-0d99f667566d
|i e24def95-8ce9-38b9-8691-9bbd02f1a199
|t 0
|
| 952 |
f |
f |
|p dvd
|a Texas A&M University
|b College Station
|c Sterling C. Evans Library
|d Evans: Media and Reserves (Annex 1st floor)
|t 0
|e PN1995.9.S26 W476 2006
|h Library of Congress classification
|i video -- videodisc
|m A14836627594
|
| 998 |
f |
f |
|a PN1995.9.S26 W476 2006
|t 0
|l Evans: Media and Reserves (Annex 1st floor)
|